Score 0/15 Timer 02:00
1 Play Today
% Correct
Lord Voldemort
96.2%
Kreacher
91.3%
Moaning Myrtle
90.4%
Albus Dumbledore
90.1%
Filius Flitwick
88.8%
Nearly Headless Nick
87%
Fleur Delacour
86.4%
Cornelius Fudge
86.2%
% Correct
Madame Maxime
86.1%
Aunt Marge
85.4%
Hermione Granger
85.1%
Gilderoy Lockhart
83.5%
Sybill Trelawney
82.8%
Horace Slughorn
78.8%
Luna Lovegood
75%
Remove Ads.
Support Sporcle.
Get the best of Sporcle when you Go Orange. This ad-free experience offers more features, more stats, and more fun while also helping to support Sporcle. Thank you for becoming a member.

You're not logged in!

Compare scores with friends on all Sporcle quizzes.
OR
Log In

Sporcle TV

Today on Sporcle TV


Watch our educational content, quiz creation guides, and fun videos on Sporcle TV.

Show Comments

Extras

Top Quizzes Today


Score Distribution

Paid Content

Your Account Isn't Verified!

In order to create a playlist on Sporcle, you need to verify the email address you used during registration. Go to your Sporcle Settings to finish the process.

Report this User

Report this user for behavior that violates our Community Guidelines.

Details: